00401nam a2200193Ia 4500003000900000008004100009040001300050040001300063041000800076100001800084245002000102250000900122260001200131260000900143300001100152300001000163490002800173490000600201IT-RoPAU120407s9999 xx 000 0 und d aIT-RoPAU cIT-RoPAU aita aSilvio Golzio aLa popolazione. aRoma aStudium c1953 a119 p. c17 cm aUniversale Studium, 29 v1